Reinforcement in figure-ground perception : A chronometric study (Record no. 19057)

MARC details
000 -LEADER
fixed length control field 00344nam a2200133Ia 4500
082 ## - DEWEY DECIMAL CLASSIFICATION NUMBER
Classification number TR.0034
100 ## - MAIN ENTRY--AUTHOR NAME
Personal name Rewal, Veena
245 #0 - TITLE STATEMENT
Title Reinforcement in figure-ground perception : A chronometric study
260 ## - PUBLICATION, DISTRIBUTION, ETC. (IMPRINT)
Year of publication 1983
Name of publisher University of Delhi
300 ## - PHYSICAL DESCRIPTION
Number of Pages 221p. + C D - 51
650 ## - SUBJECT ADDED ENTRY--TOPICAL TERM
Topical Term PERCEPTION
710 ## - ADDED ENTRY--CORPORATE NAME
Corporate name or jurisdiction name as entry element Broota, K.D.
942 ## - ADDED ENTRY ELEMENTS (KOHA)
Koha item type Thesis
Source of classification or shelving scheme Dewey Decimal Classification
Holdings
Withdrawn status Lost status Damaged status Not for loan Home library Current library Date acquired Bill Date Full call number Accession Number Price effective from Koha item type
        NASSDOC Library NASSDOC Library 08/10/2004 2004-10-22 TR.0034 19916 18/04/2019 Thesis